Bernardino Nozaleda y Villa : (Record no. 190807)

MARC details
000 -LEADER
campo de control de longitud fija 01174nam a2200277 i 4500
001 - NÚMERO DE CONTROL
campo de control 190807
003 - IDENTIFICADOR DE NÚMERO DE CONTROL
campo de control ES-MaACL
005 - FECHA Y HORA DE LA ÚLTIMA TRANSACCIÓN
campo de control 20251010184609.0
008 - DATOS DE LONGITUD FIJA--INFORMACIÓN GENERAL
campo de control de longitud fija 220719s2019 sp a 001 0bspa
020 ## - NÚMERO INTERNACIONAL ESTÁNDAR DEL LIBRO
Número Internacional Estándar del Libro 978-84-949858-0-5
080 ## - NÚMERO DE LA CLASIFICACIÓN DECIMAL UNIVERSAL
Número de la Clasificación Decimal Universal 929 Nozaleda, Bernardino
100 1# - ENTRADA PRINCIPAL--NOMBRE DE PERSONA
Nombre de persona Llavona Uribelarrea, Miguel Ángel.
9 (RLIN) 173994
245 10 - MENCIÓN DEL TÍTULO
Título Bernardino Nozaleda y Villa :
Resto del título Pruneda (Nava) 1844 - Madrid 1927 /
Mención de responsabilidad, etc. Miguel Ángel Llavona Uribelarrea, Rafael Llavona Uribelarrea.
250 ## - MENCION DE EDICION
Mención de edición Ed. revisada el día 29 de septiembre de 2019.
260 ## - PUBLICACIÓN, DISTRIBUCIÓN, ETC.
Lugar de publicación, distribución, etc. Oviedo :
Nombre del editor, distribuidor, etc. [s.n.],
Fecha de publicación, distribución, etc. 2019 (
Fabricante Hifer Artes Gráficas)
300 ## - DESCRIPCIÓN FÍSICA
Extensión 686 p. :
Otras características físicas il. ;
Dimensiones 24 cm.
504 ## - NOTA DE BIBLIOGRAFÍA, ETC.
Nota de bibliografía, etc. Bibliografía: p. 653-686.
600 14 - PUNTO DE ACCESO ADICIONAL DE MATERIA--NOMBRE DE PERSONA
Nombre de persona Nozaleda, Bernardino.
9 (RLIN) 174863
700 1# - ENTRADA AGREGADA--NOMBRE PERSONAL
Nombre de persona Llavona Uribelarrea, Rafael,
Fechas asociadas al nombre 1944-
9 (RLIN) 173993
852 4# - LOCALIZACIÓN
Ubicación ES-MaACL
Número de control de estantería A-14999
itemnumber 197990
Sublocalización o colección R.152903
Ubicación en estantería Depósito 1
Signatura antigua Olim: N-7999
Donativo/Legado Donacion: Miguel Ángel Llavona Uribelarrea y Rafael Llavona Uribelarrea
903 ## - NOMBRE PERSONAL DE DONANTE
a Llavona Uribelarrea, Rafael,
d 1944-
e Donante
9 173993
903 ## - NOMBRE PERSONAL DE DONANTE
9 173994
a Llavona Uribelarrea, Miguel Ángel
e Donante
942 ## - ELEMENTOS DE ENTRADA SECUNDARIOS (KOHA)
Fuente del sistema de clasificación o colocación Clasificación decimal universal
Tipo de ítem Koha Libro impreso
Holdings
Estatus retirado Estado de pérdida Fuente del sistema de clasificación o colocación Estado de daño No para préstamo Biblioteca de origen Biblioteca actual Ubicación en estantería Fecha de adquisición Fuente de adquisición Total de préstamos Signatura topográfica completa Código de barras Visto por última vez Precio de reemplazo Tipo de ítem Koha
    Clasificación decimal universal     Biblioteca del Ateneo de Madrid Biblioteca del Ateneo de Madrid Depósito 1 19/07/2022 Donación   A-14999 1203080 23/02/2023 23/02/2023 Libro impreso